[Event "DEM U12w 2025"]
[Site "Willingen GER"]
[Date "2025.06.11"]
[Round "5"]
[White "Preißler, Enie"]
[Black "Zietz, Leni"]
[Result "1-0"]
[Termination "normal"]
[Board "21"]
[WhiteElo "1113"]
[BlackElo "1113"]
[WhiteClock "00:09:49"]
[BlackClock "00:33:53"]
[PlyCount "121"]
[WhiteFideId "533039151"]
[BlackFideId "533025886"]
[EventCountry "GER"]
[EventRounds "9"]
[EventType "swiss"]
[EventDate "2025.06.07"]

1. d4 {[%clk 01:30:57]} {[%emt 00:00:02]} Nf6 {[%clk 01:30:55]} {[%emt
00:00:05]} 2. e3 {[%clk 01:31:19]} {[%emt 00:00:08]} e6 {[%clk 01:30:48]}
{[%emt 00:00:38]} 3. Bd3 {[%clk 01:31:19]} {[%emt 00:00:30]} d5 {[%clk
01:30:53]} {[%emt 00:00:25]} 4. f4 {[%clk 01:30:45]} {[%emt 00:01:03]} b6
{[%clk 01:30:31]} {[%emt 00:00:52]} 5. Nf3 {[%clk 01:28:13]} {[%emt 00:03:00]}
Bb7 {[%clk 01:29:02]} {[%emt 00:02:00]} 6. O-O {[%clk 01:26:20]} {[%emt
00:02:23]} Be7 {[%clk 01:27:01]} {[%emt 00:02:31]} 7. Nbd2 {[%clk 01:24:45]}
{[%emt 00:02:05]} O-O {[%clk 01:25:14]} {[%emt 00:02:18]} 8. Ne5 {[%clk
01:21:18]} {[%emt 00:03:57]} c5 {[%clk 01:23:50]} {[%emt 00:01:54]} 9. c3
{[%clk 01:19:20]} {[%emt 00:02:28]} Nc6 {[%clk 01:21:21]} {[%emt 00:02:59]} 10.
Qf3 {[%clk 01:16:13]} {[%emt 00:03:37]} Qc7 {[%clk 01:17:07]} {[%emt 00:04:34]}
11. Qh3 {[%clk 01:12:54]} {[%emt 00:03:58]} h6 {[%clk 01:15:13]} {[%emt
00:02:24]} 12. Ndf3 {[%clk 01:09:02]} {[%emt 00:04:23]} Ne4 {[%clk 01:12:49]}
{[%emt 00:02:54]} 13. Bd2 {[%clk 01:00:45]} {[%emt 00:08:46]} Rac8 {[%clk
01:05:22]} {[%emt 00:07:56]} 14. g4 {[%clk 00:54:22]} {[%emt 00:06:54]} f5
{[%clk 01:01:28]} {[%emt 00:04:25]} 15. Ng6 {[%clk 00:49:29]} {[%emt 00:05:22]}
Rf6 {[%clk 01:00:46]} {[%emt 00:01:07]} 16. Nxe7+ {[%clk 00:34:49]} {[%emt
00:15:15]} Qxe7 {[%clk 00:58:13]} {[%emt 00:03:04]} 17. Kh1 {[%clk 00:33:02]}
{[%emt 00:02:16]} Qf7 {[%clk 00:55:16]} {[%emt 00:03:27]} 18. Ne5 {[%clk
00:30:02]} {[%emt 00:03:31]} Nxe5 {[%clk 00:53:54]} {[%emt 00:01:51]} 19. fxe5
{[%emt 00:00:37]} Nxd2 {[%clk 00:51:08]} {[%emt 00:03:14]} 20. exf6 {[%clk
00:29:46]} {[%emt 00:00:42]} Nxf1 {[%clk 00:51:06]} {[%emt 00:00:32]} 21. Rxf1
{[%clk 00:29:56]} {[%emt 00:00:19]} Qxf6 {[%clk 00:49:55]} {[%emt 00:01:41]}
22. gxf5 {[%clk 00:30:07]} {[%emt 00:00:20]} Re8 {[%clk 00:48:37]} {[%emt
00:01:48]} 23. fxe6 {[%clk 00:29:15]} {[%emt 00:01:21]} Qxe6 {[%clk 00:48:54]}
{[%emt 00:00:13]} 24. Qxe6+ {[%clk 00:28:43]} {[%emt 00:01:03]} Rxe6 {[%clk
00:49:15]} {[%emt 00:00:11]} 25. Rf3 {[%clk 00:28:40]} {[%emt 00:00:32]} g5
{[%clk 00:47:49]} {[%emt 00:01:56]} 26. Kg2 {[%clk 00:23:00]} {[%emt 00:06:11]}
Kg7 {[%clk 00:47:26]} {[%emt 00:00:53]} 27. Kg3 {[%clk 00:22:50]} {[%emt
00:00:40]} h5 {[%clk 00:47:07]} {[%emt 00:00:49]} 28. h3 {[%clk 00:22:14]}
{[%emt 00:01:06]} Kh6 {[%clk 00:42:38]} {[%emt 00:04:58]} 29. Kf2 {[%clk
00:17:37]} {[%emt 00:05:07]} c4 {[%clk 00:37:28]} {[%emt 00:05:41]} 30. Bc2
{[%clk 00:17:49]} {[%emt 00:00:17]} b5 {[%clk 00:36:56]} {[%emt 00:01:02]} 31.
Rf7 {[%clk 00:18:01]} {[%emt 00:00:18]} g4 {[%clk 00:32:04]} {[%emt 00:05:22]}
32. hxg4 {[%clk 00:17:23]} {[%emt 00:01:09]} hxg4 {[%clk 00:32:13]} {[%emt
00:00:20]} 33. Rxb7 {[%clk 00:17:16]} {[%emt 00:00:37]} Kg5 {[%clk 00:31:39]}
{[%emt 00:01:03]} 34. Rxb5 {[%clk 00:15:28]} {[%emt 00:02:19]} Rf6+ {[%clk
00:31:58]} {[%emt 00:00:11]} 35. Kg2 {[%clk 00:14:52]} {[%emt 00:01:06]} Re6
{[%clk 00:31:43]} {[%emt 00:00:45]} 36. Rxd5+ {[%clk 00:14:55]} {[%emt
00:00:28]} Kh4 {[%clk 00:32:04]} {[%emt 00:00:08]} 37. Re5 {[%clk 00:13:43]}
{[%emt 00:01:42]} Rf6 {[%clk 00:32:07]} {[%emt 00:00:26]} 38. Rf5 {[%clk
00:13:24]} {[%emt 00:00:50]} Re6 {[%clk 00:31:58]} {[%emt 00:00:39]} 39. e4
{[%clk 00:13:25]} {[%emt 00:00:29]} Ra6 {[%clk 00:31:48]} {[%emt 00:00:40]} 40.
Bd1 {[%clk 00:10:16]} {[%emt 00:03:39]} Rxa2 {[%clk 00:32:00]} {[%emt
00:00:18]} 41. Rf2 {[%clk 00:09:37]} {[%emt 00:01:09]} Ra1 {[%clk 00:31:21]}
{[%emt 00:01:10]} 42. Be2 {[%clk 00:09:25]} {[%emt 00:00:42]} Ra2 {[%clk
00:31:26]} {[%emt 00:00:25]} 43. Bxc4 {[%clk 00:09:41]} {[%emt 00:00:14]} Ra4
{[%clk 00:31:38]} {[%emt 00:00:18]} 44. Bd5 {[%clk 00:09:05]} {[%emt 00:01:07]}
Ra5 {[%clk 00:31:39]} {[%emt 00:00:29]} 45. Bc4 {[%clk 00:08:44]} {[%emt
00:00:50]} Ra4 {[%clk 00:31:23]} {[%emt 00:00:46]} 46. Bd3 {[%clk 00:09:05]}
{[%emt 00:00:09]} Ra2 {[%clk 00:31:33]} {[%emt 00:00:20]} 47. e5 {[%clk
00:08:14]} {[%emt 00:01:22]} Ra5 {[%clk 00:31:11]} {[%emt 00:00:40]} 48. e6
{[%clk 00:08:34]} {[%emt 00:00:22]} Rg5 {[%clk 00:31:22]} {[%emt 00:00:18]} 49.
Rf4 {[%clk 00:07:17]} {[%emt 00:01:47]} Rg7 {[%clk 00:31:18]} {[%emt 00:00:34]}
50. Be2 {[%clk 00:07:18]} {[%emt 00:00:30]} a5 {[%clk 00:30:58]} {[%emt
00:00:49]} 51. Rxg4+ {[%clk 00:07:36]} {[%emt 00:00:13]} Rxg4+ {[%clk
00:31:19]} {[%emt 00:00:09]} 52. Bxg4 {[%clk 00:08:00]} {[%emt 00:00:06]} Kxg4
{[%clk 00:31:41]} {[%emt 00:00:07]} 53. e7 {[%clk 00:08:25]} {[%emt 00:00:06]}
a4 {[%clk 00:31:55]} {[%emt 00:00:16]} 54. e8=Q {[%clk 00:08:32]} {[%emt
00:00:21]} Kf4 {[%clk 00:32:10]} {[%emt 00:00:15]} 55. Qe5+ {[%clk 00:08:49]}
{[%emt 00:00:13]} Kg4 {[%clk 00:32:33]} {[%emt 00:00:08]} 56. d5 {[%clk
00:08:56]} {[%emt 00:00:24]} Kh4 {[%clk 00:32:39]} {[%emt 00:00:23]} 57. Qg3+
{[%clk 00:09:06]} {[%emt 00:00:20]} Kh5 {[%clk 00:33:04]} {[%emt 00:00:05]} 58.
d6 {[%clk 00:09:30]} {[%emt 00:00:07]} Kh6 {[%clk 00:33:11]} {[%emt 00:00:22]}
59. d7 {[%clk 00:09:51]} {[%emt 00:00:09]} Kh7 {[%clk 00:33:36]} {[%emt
00:00:05]} 60. d8=Q {[%clk 00:09:49]} {[%emt 00:00:33]} a3 {[%clk 00:33:53]}
{[%emt 00:00:13]} 61. Qdh4# {[%emt 00:00:06]} 1-0

[Event "DEM U12w 2025"]
[Site "Willingen GER"]
[Date "2025.06.11"]
[Round "5"]
[White "Lüken, Juliane"]
[Black "Ebel, Io Cornelia"]
[Result "1-0"]
[Termination "normal"]
[Board "22"]
[WhiteElo "987"]
[BlackElo "982"]
[WhiteClock "01:47:23"]
[BlackClock "00:22:52"]
[PlyCount "185"]
[WhiteFideId "533043485"]
[BlackFideId "533043469"]
[EventCountry "GER"]
[EventRounds "9"]
[EventType "swiss"]
[EventDate "2025.06.07"]

1. d4 {[%clk 01:30:59]} d5 {[%clk 01:30:50]} {[%emt 00:00:10]} 2. Nf3 {[%clk
01:31:21]} {[%emt 00:00:08]} c5 {[%clk 01:29:36]} {[%emt 00:01:44]} 3. e3
{[%clk 01:31:12]} {[%emt 00:00:38]} cxd4 {[%clk 01:28:08]} {[%emt 00:01:59]} 4.
exd4 {[%clk 01:31:17]} {[%emt 00:00:24]} Bg4 {[%clk 01:27:16]} {[%emt
00:01:23]} 5. Nbd2 {[%clk 01:31:18]} {[%emt 00:00:27]} Nc6 {[%clk 01:26:29]}
{[%emt 00:01:14]} 6. c3 {[%clk 01:31:26]} {[%emt 00:00:25]} Nf6 {[%clk
01:24:54]} {[%emt 00:02:01]} 7. h3 {[%clk 01:31:07]} {[%emt 00:00:55]} Bh5
{[%clk 01:25:03]} {[%emt 00:00:21]} 8. Be2 {[%clk 01:31:06]} {[%emt 00:00:29]}
e6 {[%clk 01:15:15]} {[%emt 00:10:20]} 9. O-O {[%clk 01:30:02]} {[%emt
00:01:26]} Bd6 {[%clk 01:13:49]} {[%emt 00:01:58]} 10. Nb3 {[%clk 01:28:22]}
{[%emt 00:02:15]} h6 {[%clk 01:07:40]} {[%emt 00:06:39]} 11. Nfd2 {[%clk
01:27:57]} {[%emt 00:00:55]} Bxe2 {[%clk 01:05:36]} {[%emt 00:02:35]} 12. Qxe2
{[%clk 01:27:20]} {[%emt 00:01:05]} O-O {[%clk 01:01:53]} {[%emt 00:04:13]} 13.
Nf3 {[%clk 01:27:06]} {[%emt 00:00:44]} Nh5 {[%clk 00:49:04]} {[%emt 00:13:19]}
14. Ne5 {[%clk 01:26:37]} {[%emt 00:01:00]} Qh4 {[%clk 00:44:18]} {[%emt
00:04:55]} 15. Re1 {[%clk 01:22:40]} {[%emt 00:04:46]} Nf4 {[%clk 00:37:26]}
{[%emt 00:07:11]} 16. Qg4 {[%clk 01:20:27]} {[%emt 00:02:46]} Qxg4 {[%clk
00:34:52]} {[%emt 00:03:14]} 17. Nxg4 {[%clk 01:20:26]} {[%emt 00:00:29]} h5
{[%clk 00:30:02]} {[%emt 00:05:14]} 18. Bxf4 {[%clk 01:20:45]} {[%emt
00:00:19]} Bxf4 {[%clk 00:29:22]} {[%emt 00:01:10]} 19. Ne5 {[%clk 01:20:11]}
{[%emt 00:00:52]} Bxe5 {[%clk 00:28:26]} {[%emt 00:01:38]} 20. dxe5 {[%clk
01:20:22]} {[%emt 00:00:19]} f6 {[%clk 00:26:33]} {[%emt 00:02:23]} 21. exf6
{[%clk 01:20:06]} {[%emt 00:00:46]} Rxf6 {[%clk 00:22:41]} {[%emt 00:04:21]}
22. Nc5 {[%clk 01:20:00]} {[%emt 00:00:36]} Nd8 {[%clk 00:20:45]} {[%emt
00:02:24]} 23. Nd7 {[%emt 00:02:01]} Rf7 {[%clk 00:19:46]} {[%emt 00:01:07]}
24. Ne5 {[%clk 01:18:23]} {[%emt 00:00:58]} Rf6 {[%clk 00:17:39]} {[%emt
00:02:29]} 25. Nf3 {[%clk 01:18:00]} {[%emt 00:01:01]} Nc6 {[%clk 00:16:39]}
{[%emt 00:01:24]} 26. Ng5 {[%clk 01:17:52]} {[%emt 00:00:40]} Re8 {[%clk
00:14:48]} {[%emt 00:02:19]} 27. Nf3 {[%clk 01:17:54]} {[%emt 00:00:38]} Rg6
{[%clk 00:13:25]} {[%emt 00:01:28]} 28. Ne5 {[%clk 01:17:50]} {[%emt 00:00:56]}
Rf6 {[%clk 00:09:59]} {[%emt 00:03:57]} 29. Nd7 {[%clk 01:16:36]} {[%emt
00:01:45]} Rf5 {[%clk 00:08:30]} {[%emt 00:01:51]} 30. Nc5 {[%clk 01:16:33]}
{[%emt 00:00:40]} Nd8 {[%clk 00:08:00]} {[%emt 00:00:53]} 31. g4 {[%clk
01:16:05]} {[%emt 00:01:05]} Rg5 {[%clk 00:06:27]} {[%emt 00:01:55]} 32. f3
{[%clk 01:16:15]} {[%emt 00:00:29]} b6 {[%clk 00:04:55]} {[%emt 00:01:57]} 33.
Nd3 {[%clk 01:15:51]} {[%emt 00:00:56]} hxg4 {[%clk 00:01:45]} {[%emt
00:03:45]} 34. hxg4 {[%clk 01:15:44]} {[%emt 00:00:36]} Rf8 {[%clk 00:01:27]}
{[%emt 00:00:46]} 35. Re5 {[%clk 01:15:33]} {[%emt 00:00:42]} Rxe5 {[%clk
00:28:26]} {[%emt 00:03:33]} 36. Nxe5 {[%clk 01:45:43]} {[%emt 00:00:20]} Nf7
{[%clk 00:26:49]} {[%emt 00:01:57]} 37. Nxf7 {[%clk 01:45:57]} {[%emt
00:00:26]} Rxf7 {[%clk 00:27:11]} {[%emt 00:00:08]} 38. Kg2 {[%clk 01:46:16]}
{[%emt 00:00:10]} g5 {[%clk 00:27:02]} {[%emt 00:00:39]} 39. Re1 {[%clk
01:46:27]} {[%emt 00:00:20]} Re7 {[%clk 00:26:33]} {[%emt 00:00:59]} 40. Re5
{[%clk 01:46:39]} {[%emt 00:00:17]} Kf7 {[%clk 00:25:43]} {[%emt 00:01:19]} 41.
Rxg5 {[%clk 01:46:48]} {[%emt 00:00:22]} Kf6 {[%clk 00:25:14]} {[%emt
00:01:00]} 42. Rh5 {[%clk 01:47:02]} {[%emt 00:00:16]} e5 {[%clk 00:25:18]}
{[%emt 00:00:27]} 43. Rf5+ {[%clk 01:46:52]} {[%emt 00:00:34]} Kg6 {[%clk
00:25:16]} {[%emt 00:00:37]} 44. Kf2 {[%clk 01:45:46]} {[%emt 00:00:40]} e4
{[%clk 00:24:27]} {[%emt 00:02:12]} 45. Rxd5 {[%clk 01:45:32]} {[%emt
00:00:47]} e3+ {[%clk 00:24:31]} {[%emt 00:00:25]} 46. Ke2 {[%clk 01:45:28]}
{[%emt 00:00:20]} Kf6 {[%clk 00:24:44]} {[%emt 00:00:32]} 47. Rd3 {[%clk
01:45:34]} {[%emt 00:00:24]} Kg5 {[%clk 00:23:32]} {[%emt 00:01:42]} 48. Rxe3
{[%clk 01:45:41]} {[%emt 00:00:22]} Rb7 {[%clk 00:22:58]} {[%emt 00:01:03]} 49.
Re5+ {[%clk 01:45:37]} {[%emt 00:00:33]} Kf4 {[%clk 00:23:17]} {[%emt
00:00:12]} 50. Rf5+ {[%clk 01:45:24]} {[%emt 00:00:40]} Kg3 {[%clk 00:23:26]}
{[%emt 00:00:25]} 51. Ke3 {[%clk 01:45:25]} {[%emt 00:00:29]} Re7+ {[%clk
00:23:25]} {[%emt 00:00:31]} 52. Kd4 {[%clk 01:45:12]} {[%emt 00:00:41]} Rd7+
{[%clk 00:23:30]} {[%emt 00:00:27]} 53. Ke5 {[%clk 01:45:14]} {[%emt 00:00:27]}
Re7+ {[%clk 00:23:45]} {[%emt 00:00:16]} 54. Kf6 {[%clk 01:45:12]} {[%emt
00:00:31]} Rc7 {[%clk 00:23:38]} {[%emt 00:00:37]} 55. Kg5 {[%clk 01:44:47]}
{[%emt 00:00:55]} Rg7+ {[%clk 00:23:49]} {[%emt 00:00:20]} 56. Kf6 {[%clk
01:45:05]} {[%emt 00:00:11]} Rc7 {[%clk 00:23:54]} {[%emt 00:00:25]} 57. g5
{[%clk 01:45:13]} {[%emt 00:00:22]} Rc6+ {[%clk 00:23:59]} {[%emt 00:00:26]}
58. Ke5 {[%emt 00:00:37]} Rc5+ {[%emt 00:00:31]} 59. Kf6 {[%clk 01:44:19]}
{[%emt 00:00:15]} Rc6+ {[%clk 00:24:20]} {[%emt 00:00:10]} 60. Kg7 {[%clk
01:44:27]} {[%emt 00:00:21]} Rc7+ {[%clk 00:23:53]} {[%emt 00:00:58]} 61. Kh6
{[%clk 01:43:58]} {[%emt 00:00:57]} Kh4 {[%clk 00:24:08]} {[%emt 00:00:17]} 62.
g6 {[%clk 01:43:51]} {[%emt 00:00:37]} Rc6 {[%clk 00:24:17]} {[%emt 00:00:22]}
63. Rd5 {[%clk 01:43:46]} {[%emt 00:00:32]} Rf6 {[%clk 00:22:25]} {[%emt
00:02:23]} 64. Kh7 {[%clk 01:43:34]} {[%emt 00:00:42]} Re6 {[%clk 00:21:58]}
{[%emt 00:00:57]} 65. Rf5 {[%clk 01:43:21]} {[%emt 00:00:41]} a5 {[%clk
00:21:45]} {[%emt 00:00:47]} 66. g7 {[%clk 01:43:37]} {[%emt 00:00:11]} Re7
{[%clk 00:20:50]} {[%emt 00:01:26]} 67. Kh8 {[%clk 01:43:58]} {[%emt 00:00:09]}
Re6 {[%clk 00:20:14]} {[%emt 00:01:05]} 68. g8=Q {[%emt 00:00:46]} Rh6+ {[%emt
00:00:12]} 69. Kg7 {[%clk 01:43:26]} {[%emt 00:00:03]} Rc6 {[%clk 00:19:46]}
{[%emt 00:00:59]} 70. Qh8+ {[%clk 01:43:36]} {[%emt 00:00:21]} Kg3 {[%clk
00:20:02]} {[%emt 00:00:16]} 71. Qb8+ {[%clk 01:43:31]} {[%emt 00:00:34]} Kg2
{[%clk 00:20:05]} {[%emt 00:00:27]} 72. Qf4 {[%clk 01:43:25]} {[%emt 00:00:30]}
Rc7+ {[%clk 00:20:19]} {[%emt 00:00:22]} 73. Kg6 {[%clk 01:43:39]} {[%emt
00:00:16]} a4 {[%clk 00:20:16]} {[%emt 00:00:33]} 74. Qd2+ {[%clk 01:43:50]}
{[%emt 00:00:17]} Kh3 {[%clk 00:20:11]} {[%emt 00:00:36]} 75. Rg5 {[%clk
01:43:51]} {[%emt 00:00:27]} Rc6+ {[%clk 00:19:27]} {[%emt 00:01:17]} 76. Qd6
{[%clk 01:44:10]} {[%emt 00:01:47]} Rxd6+ {[%clk 00:21:43]} {[%emt 00:00:12]}
77. Kf5 {[%clk 01:44:26]} {[%emt 00:00:12]} Rd5+ {[%clk 00:22:04]} {[%emt
00:00:10]} 78. Kf4 {[%clk 01:44:12]} {[%emt 00:00:44]} Rc5 {[%clk 00:21:32]}
{[%emt 00:01:02]} 79. Rxc5 {[%clk 01:44:20]} {[%emt 00:00:23]} bxc5 {[%clk
00:21:56]} {[%emt 00:00:06]} 80. Ke4 {[%clk 01:44:44]} {[%emt 00:00:05]} Kg3
{[%clk 00:21:56]} {[%emt 00:00:30]} 81. f4 {[%clk 01:45:02]} {[%emt 00:00:12]}
Kg4 {[%clk 00:22:13]} {[%emt 00:00:13]} 82. Ke5 {[%clk 01:45:25]} {[%emt
00:00:07]} Kh5 {[%clk 00:22:16]} {[%emt 00:00:28]} 83. Ke6 {[%clk 01:45:39]}
{[%emt 00:00:14]} Kg4 {[%clk 00:22:15]} {[%emt 00:00:32]} 84. f5 {[%clk
01:45:59]} {[%emt 00:00:10]} Kg5 {[%clk 00:22:26]} {[%emt 00:00:19]} 85. f6
{[%clk 01:46:16]} {[%emt 00:00:12]} Kg6 {[%clk 00:22:31]} {[%emt 00:00:26]} 86.
Ke7 {[%clk 01:46:36]} {[%emt 00:00:11]} a3 {[%clk 00:22:33]} {[%emt 00:00:28]}
87. bxa3 {[%clk 01:46:53]} {[%emt 00:00:13]} c4 {[%clk 00:22:52]} {[%emt
00:00:11]} 88. f7 {[%clk 01:47:13]} {[%emt 00:00:09]} Kh6 {[%emt 00:00:41]} 89.
f8=Q+ {[%emt 00:00:13]} Kh7 {[%clk 00:22:15]} {[%emt 00:00:13]} 90. Qf1 {[%clk
01:47:07]} {[%emt 00:00:36]} Kg8 {[%clk 00:22:29]} {[%emt 00:00:17]} 91. Qg2+
{[%clk 01:47:09]} {[%emt 00:00:26]} Kh8 {[%clk 00:22:43]} {[%emt 00:00:17]} 92.
Kf7 {[%clk 01:47:23]} {[%emt 00:00:16]} Kh7 {[%clk 00:22:52]} {[%emt 00:00:22]}
93. Qg7 {[%emt 00:00:08]} 1-0

[Event "DEM U12w 2025"]
[Site "Willingen GER"]
[Date "2025.06.11"]
[Round "6"]
[White "Chen, Yuefan"]
[Black "Schirmbeck, Lilian"]
[Result "0-1"]
[Termination "normal"]
[Board "1"]
[BlackTitle "WCM"]
[WhiteElo "1754"]
[BlackElo "1712"]
[WhiteClock "00:28:12"]
[BlackClock "00:18:32"]
[PlyCount "134"]
[WhiteFideId "34653910"]
[BlackFideId "34620532"]
[EventCountry "GER"]
[EventRounds "9"]
[EventType "swiss"]
[EventDate "2025.06.07"]

1. d4 {[%clk 01:30:53]} {[%emt 00:00:07]} e6 {[%clk 01:30:56]} {[%emt
00:00:04]} 2. c4 {[%clk 01:30:52]} {[%emt 00:00:31]} Bb4+ {[%clk 01:31:17]}
{[%emt 00:00:10]} 3. Nc3 {[%clk 01:31:04]} {[%emt 00:00:17]} b6 {[%clk
01:31:25]} {[%emt 00:00:23]} 4. Nf3 {[%clk 01:26:03]} {[%emt 00:05:30]} Bxc3+
{[%clk 01:28:10]} {[%emt 00:03:46]} 5. bxc3 {[%clk 01:26:27]} {[%emt 00:00:06]}
Bb7 {[%clk 01:28:32]} {[%emt 00:00:08]} 6. e3 {[%clk 01:24:48]} {[%emt
00:02:09]} f5 {[%clk 01:27:36]} {[%emt 00:01:25]} 7. Bb2 {[%clk 01:14:39]}
{[%emt 00:10:38]} Nf6 {[%clk 01:22:55]} {[%emt 00:05:12]} 8. Be2 {[%clk
01:11:17]} {[%emt 00:03:51]} O-O {[%clk 01:20:57]} {[%emt 00:02:29]} 9. O-O
{[%clk 01:10:03]} {[%emt 00:01:45]} c5 {[%clk 01:15:59]} {[%emt 00:05:28]} 10.
Qb3 {[%clk 01:04:43]} {[%emt 00:05:50]} d6 {[%clk 01:10:51]} {[%emt 00:05:37]}
11. Rad1 {[%clk 01:00:24]} {[%emt 00:04:47]} Qc7 {[%clk 01:10:11]} {[%emt
00:01:13]} 12. Ng5 {[%clk 00:53:36]} {[%emt 00:07:15]} Qe7 {[%clk 01:06:14]}
{[%emt 00:04:29]} 13. Bf3 {[%clk 00:49:46]} {[%emt 00:04:20]} Bxf3 {[%clk
00:56:49]} {[%emt 00:09:55]} 14. Nxf3 {[%clk 00:50:10]} {[%emt 00:00:05]} Nc6
{[%clk 00:54:43]} {[%emt 00:02:36]} 15. Qc2 {[%clk 00:46:09]} {[%emt 00:04:31]}
Na5 {[%clk 00:36:24]} {[%emt 00:18:50]} 16. Nd2 {[%clk 00:43:09]} {[%emt
00:03:29]} Nd7 {[%clk 00:33:19]} {[%emt 00:03:36]} 17. f4 {[%clk 00:40:45]}
{[%emt 00:02:53]} g6 {[%clk 00:28:47]} {[%emt 00:05:03]} 18. Rde1 {[%clk
00:36:26]} {[%emt 00:04:48]} Nf6 {[%clk 00:26:55]} {[%emt 00:02:23]} 19. Qd3
{[%clk 00:33:49]} {[%emt 00:03:07]} Qb7 {[%clk 00:21:33]} {[%emt 00:05:52]} 20.
Nb3 {[%clk 00:24:45]} {[%emt 00:09:34]} Nxb3 {[%clk 00:19:52]} {[%emt
00:02:11]} 21. axb3 {[%clk 00:25:09]} {[%emt 00:00:06]} Ne4 {[%clk 00:19:24]}
{[%emt 00:00:58]} 22. b4 {[%clk 00:23:03]} {[%emt 00:02:36]} a5 {[%clk
00:12:20]} {[%emt 00:07:35]} 23. b5 {[%clk 00:22:21]} {[%emt 00:01:11]} Rfd8
{[%clk 00:10:09]} {[%emt 00:02:40]} 24. Rd1 {[%clk 00:20:40]} {[%emt 00:02:12]}
Qc7 {[%clk 00:08:19]} {[%emt 00:02:21]} 25. Qc2 {[%clk 00:17:01]} {[%emt
00:04:08]} Rac8 {[%clk 00:04:12]} {[%emt 00:04:37]} 26. d5 {[%clk 00:12:39]}
{[%emt 00:04:52]} exd5 {[%clk 00:03:17]} {[%emt 00:01:24]} 27. Rxd5 {[%clk
00:10:41]} {[%emt 00:02:27]} Qe7 {[%clk 00:02:23]} {[%emt 00:01:25]} 28. Rd3
{[%clk 00:10:07]} {[%emt 00:01:01]} Qe6 {[%clk 00:01:07]} {[%emt 00:01:51]} 29.
Qb3 {[%clk 00:09:34]} {[%emt 00:01:02]} Re8 {[%clk 00:00:58]} {[%emt 00:00:39]}
30. Rfd1 {[%clk 00:09:12]} {[%emt 00:00:51]} Rcd8 {[%clk 00:00:43]} {[%emt
00:00:46]} 31. Bc1 {[%clk 00:08:56]} {[%emt 00:00:45]} Qd7 {[%clk 00:00:38]}
{[%emt 00:00:36]} 32. Qa2 {[%clk 00:08:11]} {[%emt 00:01:15]} Re6 {[%clk
00:00:44]} {[%emt 00:00:23]} 33. Qb3 {[%clk 00:07:25]} {[%emt 00:01:17]} Qe7
{[%clk 00:01:03]} {[%emt 00:00:12]} 34. Qa2 {[%clk 00:07:02]} {[%emt 00:00:52]}
Kf7 {[%clk 00:01:02]} {[%emt 00:00:31]} 35. Rf1 {[%clk 00:06:19]} {[%emt
00:01:11]} Ke8 {[%clk 00:00:43]} {[%emt 00:00:51]} 36. g3 {[%clk 00:04:01]}
{[%emt 00:02:47]} Nf6 {[%clk 00:00:41]} {[%emt 00:00:33]} 37. h3 {[%clk
00:03:11]} {[%emt 00:01:20]} h5 {[%clk 00:00:44]} {[%emt 00:00:26]} 38. Qg2
{[%clk 00:01:50]} {[%emt 00:01:51]} Re4 {[%clk 00:01:08]} {[%emt 00:00:07]} 39.
Rfd1 {[%clk 00:01:22]} {[%emt 00:00:58]} Qe6 {[%clk 00:01:13]} {[%emt
00:00:24]} 40. Kh2 {[%clk 00:01:07]} {[%emt 00:00:45]} Ke7 {[%clk 00:01:23]}
{[%emt 00:00:20]} 41. Qd2 {[%clk 00:00:39]} {[%emt 00:00:59]} Rxc4 {[%clk
00:28:44]} {[%emt 00:03:09]} 42. Qg2 {[%clk 00:30:39]} {[%emt 00:00:29]} Ne4
{[%clk 00:24:57]} {[%emt 00:04:18]} 43. Qb2 {[%clk 00:30:49]} {[%emt 00:00:19]}
Ra4 {[%clk 00:24:27]} {[%emt 00:01:00]} 44. Rd5 {[%clk 00:29:29]} {[%emt
00:01:51]} Nf6 {[%clk 00:21:36]} {[%emt 00:03:20]} 45. R5d2 {[%clk 00:29:48]}
{[%emt 00:00:11]} Qc4 {[%clk 00:20:11]} {[%emt 00:01:55]} 46. Kg2 {[%clk
00:28:17]} {[%emt 00:02:01]} Ne4 {[%clk 00:16:41]} {[%emt 00:04:00]} 47. Rc2
{[%clk 00:28:39]} {[%emt 00:00:08]} Kd7 {[%clk 00:16:07]} {[%emt 00:01:05]} 48.
Kh2 {[%clk 00:27:59]} {[%emt 00:01:10]} Kc7 {[%clk 00:16:12]} {[%emt 00:00:25]}
49. Kg2 {[%clk 00:27:55]} {[%emt 00:00:33]} d5 {[%clk 00:13:41]} {[%emt
00:03:02]} 50. Kh2 {[%clk 00:27:19]} {[%emt 00:01:05]} Nd6 {[%clk 00:13:42]}
{[%emt 00:00:29]} 51. Bd2 {[%clk 00:25:39]} {[%emt 00:02:08]} Qe2+ {[%clk
00:13:53]} {[%emt 00:00:21]} 52. Kg1 {[%clk 00:25:48]} {[%emt 00:00:21]} Qxd1+
{[%clk 00:14:17]} {[%emt 00:00:05]} 53. Kh2 {[%clk 00:26:15]} {[%emt 00:00:04]}
Nc4 {[%clk 00:14:00]} {[%emt 00:00:47]} 54. Qc1 {[%clk 00:25:50]} {[%emt
00:00:55]} Qxc1 {[%clk 00:13:51]} {[%emt 00:00:40]} 55. Bxc1 {[%clk 00:26:16]}
{[%emt 00:00:04]} Re8 {[%clk 00:14:11]} {[%emt 00:00:10]} 56. h4 {[%clk
00:25:10]} {[%emt 00:01:37]} Nxe3 {[%clk 00:14:22]} {[%emt 00:00:18]} 57. Bxe3
{[%clk 00:25:34]} {[%emt 00:00:06]} Rxe3 {[%clk 00:14:48]} {[%emt 00:00:04]}
58. Kg2 {[%clk 00:25:09]} {[%emt 00:00:53]} Rc4 {[%clk 00:15:13]} {[%emt
00:00:06]} 59. Kf2 {[%clk 00:25:05]} {[%emt 00:00:35]} Rcxc3 {[%clk 00:15:38]}
{[%emt 00:00:05]} 60. Rxc3 {[%clk 00:25:15]} {[%emt 00:00:20]} Rxc3 {[%clk
00:16:04]} {[%emt 00:00:04]} 61. Kg2 {[%clk 00:25:31]} {[%emt 00:00:14]} a4
{[%clk 00:16:01]} {[%emt 00:00:34]} 62. Kf2 {[%clk 00:25:57]} {[%emt 00:00:03]}
a3 {[%clk 00:16:27]} {[%emt 00:00:03]} 63. Ke2 {[%clk 00:26:24]} {[%emt
00:00:03]} a2 {[%clk 00:16:54]} {[%emt 00:00:04]} 64. Kf2 {[%clk 00:26:52]}
{[%emt 00:00:02]} a1=R {[%clk 00:17:16]} {[%emt 00:00:08]} 65. Ke2 {[%clk
00:27:17]} {[%emt 00:00:05]} Ra2+ {[%clk 00:17:42]} {[%emt 00:00:03]} 66. Kd1
{[%clk 00:27:44]} {[%emt 00:00:03]} Rxg3 {[%clk 00:18:07]} {[%emt 00:00:06]}
67. Kc1 {[%clk 00:28:12]} {[%emt 00:00:02]} Rg1# {[%clk 00:18:32]} {[%emt
00:00:04]} 0-1